书目信息 |
| 题名: |
首届中国水文化论坛优秀论文集
|
|
| 作者: | 首届中国水文化论坛组委会编 | |
| 分册: | ||
| 出版信息: | 北京 中国水利水电出版社 2009.10 |
|
| 页数: | 554页 | |
| 开本: | 26cm | |
| 丛书名: | ||
| 单 册: | ||
| 中图分类: | K928.4-53 | |
| 科图分类: | ||
| 主题词: | 水--文化--文集 , 水 | |
| 电子资源: | ||
| ISBN: | 978-7-5084-5989-9 | |
| 000 | 00804nam0 22002291 450 | |
| 001 | 004388042 | |
| 005 | 20100712205214.0 | |
| 010 | @a978-7-5084-5989-9@dCNY85.00 | |
| 100 | @a20100118d2009 em y0chiy50 ea | |
| 101 | 0 | @achi |
| 102 | @aCN@b110000 | |
| 105 | @ay z 000yy | |
| 200 | 1 | @a首届中国水文化论坛优秀论文集@9shou jie zhong guo shui wen hua lun tan you xiu lun wen ji@f首届中国水文化论坛组委会编 |
| 210 | @a北京@c中国水利水电出版社@d2009.10 | |
| 215 | @a554页@d26cm | |
| 330 | @a本书收录97篇论文,由来自水利及各界人士从不同的角度对水文化及其引领的水利事业进行阐述,分为理论篇、现代篇、精神篇、专业篇、地域篇、历史篇六部分。 | |
| 606 | 0 | @a水@x文化@j文集 |
| 606 | 0 | @a水 |
| 690 | @aK928.4-53@v5 | |
| 801 | 0 | @aCN@b91MARC@c20101222 |
| 905 | @aBZT@dK928.4-53@e1 | |
| 906 | @dCNY85.00@n0@r1 | |
| 首届中国水文化论坛优秀论文集/首届中国水文化论坛组委会编.-北京:中国水利水电出版社,2009.10 |
| 554页;26cm |
| ISBN 978-7-5084-5989-9:CNY85.00 |
| 本书收录97篇论文,由来自水利及各界人士从不同的角度对水文化及其引领的水利事业进行阐述,分为理论篇、现代篇、精神篇、专业篇、地域篇、历史篇六部分。 |
| ● |
| 相关链接 |
|
|
|
正题名:首届中国水文化论坛优秀论文集
索取号:K928.4-53/1
 
预约/预借
| 序号 | 登录号 | 条形码 | 馆藏地/架位号 | 状态 | 备注 |
| 1 | 752891 | 2000752891 | 样本书库/样003架B面4层3列/ [索取号:K928.4-53/1] | 在馆 | |
| 2 | 752892 | 2000752892 | 中心书库南/015架B面2层2列/ [索取号:K928.4-53/1] | 在馆 | |
| 3 | 752893 | 2000752893 | 中心书库南/015架B面2层2列/ [索取号:K928.4-53/1] | 在馆 | |
| 4 | 752894 | 2000752894 | 中心书库南/015架B面2层2列/ [索取号:K928.4-53/1] | 在馆 | |
| 5 | 752895 | 2000752895 | 中心书库南/015架B面2层2列/ [索取号:K928.4-53/1] | 在馆 | |
| 6 | 752896 | 2000752896 | 中心书库南/015架B面2层2列/ [索取号:K928.4-53/1] | 在馆 |